000 00733nam a2200265Ia 4500
005 20260121114445.0
008 008 260114s9999 xx 000 0 eng d
020 _a9789357467766
037 _aEBOOK
040 _aCRL
040 _beng
040 _cCRL
041 _2eng
041 _aeng
084 _qCRL
100 _aBen Gold, Nelson Morgan and Dan Ellis
_9975355
245 0 _aSpeech and Audio Signal Processing Processing and Perception of Speech and Music, 2nd Edition
260 _bWiley
260 _c2024
650 _aElectrical & Electronics Engineering
_9975356
856 _uhttps://ebooks.wileyindia.com/product-details/470740
942 _cEBOOK
999 _c1554292
_d1554292